000 00411nam a2200169Ia 4500
008 230524s9999 xx 000 0 und d
020 _a9789384030575
082 _bSAN
100 _aAswin Sanghi
_941751
245 0 _a13 Steps to Bloody Good Luck
250 _a1
260 _aNew Delhi
_bWestland
_c2014
300 _a149p;
500 _aQuantity Number: 1
650 _aMisalliance
_941752
942 _cBK
999 _c56199
_d56199